Dortmund Squad 23/24 - Statistics

General Stats
  • This quiz has been taken 194 times
  • The average score is 19 of 26
Answer Stats
# Nation Former Club Answer % Correct
1 Switzerland Stuttgart Gregor Kobel
98%
4 Germany Freiburg Nico Schlotterbeck
89%
9 Ivory Coast Ajax Sebastien Haller
88%
15 Germany Bayern Mats Hummels
87%
11 Germany Gladbach Marco Reus
86%
21 Netherlands PSV Donyell Malen
85%
23 Germany Juventus Emre Can
85%
7 USA Youth Giovanni Reyna
84%
20 Austria Bayern Marcel Sabitzer
82%
25 Germany Bayern Niklas Sule
82%
19 Germany Leverkusen Julian Brandt
80%
27 Germany RB Salzburg Karim Adeyemi
80%
6 Turkey Koln Salih Ozcan
80%
5 Algeria Gladbach Ramy Bensebaini
79%
43 England Youth Jamie Bynoe-Gittens
76%
26 Norway Union Berlin Julian Ryerson
76%
14 Germany Werder Bremen Niclas Fullkrug
76%
10 Belgium Gladbach Thorgan Hazard
75%
24 Belgium PSG Thomas Meunier
74%
8 Germany Wolfsburg Felix Nmecha
70%
2 Spain Barcelona Mateu Morey
62%
18 Germany Youth Youssoufa Moukoko
59%
17 Germany Frankfurt Marius Wolf
55%
33 Germany Regensburg Alexander Meyer
49%
16 Belgium Anderlecht Julien Duranville
47%
30 Germany Wolfsburg Ole Pohlmann
13%
No matching quizzes found
Score Distribution
Percent of People with Each Score
Percentile by Number Answered
Your Score History
You have not taken this quiz